Statistiques concernant Maladies : Virus ou Bactérie ?

Cliquez ici pour prendre le quiz!

Statistiques générales

  • Ce quiz a été pris 8 033 fois
  • Le résultat moyen est 13 sur 18

Statistiques - réponses

QuestionRéponse% Correct
Covid-19Virus
98%
GrippeVirus
93%
EbolaVirus
83%
LégionelloseBactérie
78%
TétanosBactérie
74%
ChlamydiaBactérie
73%
VarioleVirus
71%
Maladie du charbonBactérie
70%
Maladie de LymeBactérie
69%
Rhume banalVirus
69%
CholéraBactérie
68%
RougeoleVirus
68%
LèpreBactérie
62%
Peste buboniqueBactérie
61%
SyphilisBactérie
58%
TuberculoseBactérie
56%
RageVirus
56%
HerpèsVirus
45%

Distribution des résultats

Percentile par nombre de réponses

% des personnes avec chaque résultat

Votre développement - résultats

Vous n’avez pas pris ce quiz